They knew Jesus. (Record no. 5075)

000 -LEADER
fixed length control field 00562nam a2200181 a 4500
001 - CONTROL NUMBER
control field :::00002816$&:&@@
003 - CONTROL NUMBER IDENTIFIER
control field OkBaRHE
005 - DATE AND TIME OF LATEST TRANSACTION
control field 20000607103257.0
008 - FIXED-LENGTH DATA ELEMENTS--GENERAL INFORMATION
fixed length control field s1957 j 000 0 eng u
040 ## - CATALOGING SOURCE
Transcribing agency
100 1# - MAIN ENTRY--PERSONAL NAME
Personal name Cornell, George W.
245 10 - TITLE STATEMENT
Title They knew Jesus.
260 ## - PUBLICATION, DISTRIBUTION, ETC. (IMPRINT)
Place of publication, distribution, etc London, UK:EN., :
Name of publisher, distributor, etc William Clowes and Sons, Limited
Date of publication, distribution, etc c1957
300 ## - PHYSICAL DESCRIPTION
Extent 255 p. : illus. ;
Dimensions 21 cm.
650 ## - SUBJECT ADDED ENTRY--TOPICAL TERM
Topical term or geographic name as entry element Bible New Testament
General subdivision Biography
942 ## - ADDED ENTRY ELEMENTS (KOHA)
Source of classification or shelving scheme
Koha item type Books
Copies
Damaged status Koha item type Date last seen Price effective from Date acquired Barcode Copy number Withdrawn status Not for loan Full call number Lost status Permanent Location Source of classification or shelving scheme Shelving location
 Books2018-03-162010-04-142010-04-1428161  BS 2430 .C55 RHEMA Bible Training College General Stacks